000 00657cam a22002413a 4500
001 13904
003 PGUSA
005 20140828083310.0
008 041031s2004||||xxu|||||s|||||000 1 eng d
040 _aPGUSA
_beng
042 _adc
050 4 _aPQ
100 1 _aOhnet, Georges,
_d1848-1918
245 1 0 _aUn antiguo rencor
_h[electronic resource] /
_cGeorges Ohnet
260 _bProject Gutenberg,
_c2004
506 _aPublic domain in the USA.
516 _aElectronic text
653 _aFiction
740 0 _aLes vieilles rancunes. Spanish
830 0 _aProject Gutenberg
_v13904
856 4 0 _uhttp://www.gutenberg.org/ebooks/13904
942 _cEB
999 _c243159
_d243159